00363nam a2200157Ia 4500008004100000020001800041082000800059100001600067245001600083250000600099260002800105300001400133500002500147650001200172700002100184230524s9999 xx 000 0 und d a9780195686289 bPUD aVikram Pudi 0aData Mining a1 aNew DelhibOxfordc2016 a"X,337p;" aQuantity Number: 21 aComp-Sc aP. Radha Krishna